000 00356nam a2200133Ia 4500
008 220216s9999 xx 000 0 und d
245 0 _aGujarat reclaim and rubber products: The complete recycle
260 _bIndian Rubber Journal
_c2003
300 _a17-Dec
650 _aReclaim
650 _aRubber industry
650 _aRubber products
942 _cJS
999 _c60204
_d60204